Психотерапия повседневной жизни: тренинг разрешения конфликтов: пер. с нем.

Dettagli Bibliografici
Autore principale: Пезешкиан Н.
Riassunto:Книга известного немецкого психотерапевта, основателя позитивной психотерапии, посвящена анализу причин и особенностей конфликтов, возникающих в межличностном общении, и путей их разрешения. Книга предназначена для психологов, психотерапевтов, педагогов, родителей и всех тех, кого интересуют проблемы общения и взаимопонимания.
Lingua:russo
Pubblicazione: СПб., Речь, 2004
Serie:Психотерапия на практике
Soggetti:
Natura: Libro
KOHA link:https://koha.lib.tpu.ru/cgi-bin/koha/opac-detail.pl?biblionumber=64400

MARC

LEADER 00000nam0a2200000 4500
001 64400
005 20231031065609.0
010 |a 5926800536 
035 |a (RuTPU)RU\TPU\book\68344 
090 |a 64400 
100 |a 20040531d2004 km y0rusy50 ca 
101 1 |a rus  |c ger 
102 |a RU 
105 |a y z 001zy 
200 1 |a Психотерапия повседневной жизни: тренинг разрешения конфликтов  |e пер. с нем.  |f Н. Пезешкиан 
210 |a СПб.  |c Речь  |d 2004 
215 |a 288 с. 
225 1 |a Психотерапия на практике 
320 |a Библиогр.: с. 286-288. 
330 |a Книга известного немецкого психотерапевта, основателя позитивной психотерапии, посвящена анализу причин и особенностей конфликтов, возникающих в межличностном общении, и путей их разрешения. Книга предназначена для психологов, психотерапевтов, педагогов, родителей и всех тех, кого интересуют проблемы общения и взаимопонимания. 
610 1 |a психология 
610 1 |a социальная психология 
610 1 |a психотерапия 
610 1 |a общение 
610 1 |a конфликты 
610 1 |a разрешение 
610 1 |a семейные конфликты 
610 1 |a партнерские отношения 
610 1 |a тренинги 
686 |a Ю953  |v LBC/SL-A  |2 rubbk 
700 1 |a Пезешкиан  |b Н. 
801 1 |a RU  |b 63413507  |c 20040531  |g PSBO 
801 2 |a RU  |b 63413507  |c 20120521  |g PSBO 
900 |a Конфликтология 
942 |c BK